La restauración del sí-mismo /

Gespeichert in:
Bibliographische Detailangaben
1. Verfasser: Kohut, Heinz (autor)
Format: Buch
Sprache:Spanisch
Veröffentlicht: Barcelona, España : Paidós, 1980, c1980
Schlagworte:
Tags: Tag hinzufügen
Keine Tags, Fügen Sie das erste Tag hinzu!

MARC

LEADER 00000nam^a2200000^a^4500
001 000010602
005 20250521000000.0
009 20260310083712.533
037 |a Acervo ITESO - Biblioteca 
041 |a ESP 
082 |a 150.  |b KOH 
100 |a Kohut, Heinz  |e (autor) 
245 1 3 |a La restauración del sí-mismo /  |c H. Kohut ; tr. por Noemí Rosenblatt 
264 4 |a Barcelona, España :  |b Paidós,  |c 1980, c1980 
300 |a 224 p. 
336 |a texto  |b txt  |2 rdacontenido 
337 |a sin mediación  |b n  |2 rdamedio 
338 |a volumen  |b nc  |2 rdasoporte 
500 |a Traducción de: The Restoracion of the Self 
521 |a EEnlace Departamento de Psicología, Educación y Salud 2016 
649 |a XX 
650 |a Yo (Psicoanálisis) 
650 |a Cura Psicoanalítica 
650 |a Psicoanálisis -  |x Teoría 
910 |a Fondo General 
920 |a Impresos - Libros 
930 |a Colección General 
905 |a 101 
901 |a 0106020100  |b IT1  |c ACC  |i 010602  |u 20250521 
902 |a https://opac.biblio.iteso.mx/vufind/Record/000010602